ENTREPRENEURIAL FINANCIAL MANAGEMENT AN (Record no. 31982)

MARC details
000 -LEADER
fixed length control field 00373nam a2200145Ia 4500
008 - FIXED-LENGTH DATA ELEMENTS--GENERAL INFORMATION
fixed length control field 240624s9999 xx 000 0 und d
041 ## - LANGUAGE CODE
Language code of text/sound track or separate title eng
082 ## - DEWEY DECIMAL CLASSIFICATION NUMBER
Classification number 658.15 COR
100 ## - MAIN ENTRY--PERSONAL NAME
Personal name CORNWALL JEFFREY R
245 ## - TITLE STATEMENT
Title ENTREPRENEURIAL FINANCIAL MANAGEMENT AN
250 ## - EDITION STATEMENT
Edition statement (5th ed.)
260 ## - PUBLICATION, DISTRIBUTION, ETC.
Date of publication, distribution, etc. 2020
Place of publication, distribution, etc. London
Name of publisher, distributor, etc. Routledge
300 ## - PHYSICAL DESCRIPTION
Extent xx, 326 p.; 23 cm.
365 ## - TRADE PRICE
Currency code BPS
Price amount 31
Holdings
Withdrawn status Lost status Damaged status Not for loan Home library Current library Shelving location Date acquired Full call number Barcode Date last seen Copy number Price effective from Koha item type
        IMTN IMTN Rack 23-A 03/03/2020 658.15 COR 31982 06/24/2024 97.4 06/24/2024 Books
Designed & Maintained by: LRC IMT Nagpur Contact: lrc@imtnag.ac.in© 2024. All Rights Reserved.